Kingdom of the dead

Bibliographic Details
Main Author: Ackroyd, Peter
Other Authors: Putnam, James
Format: Book
Published: London : Dorling Kindersley Book , 2004
Subjects:

MARC

LEADER 00000cam a2200000 7i4500
001 0000017371
005 20080520.0
008 080520
020 |a 1405311363 
090 0 0 |a 932.01   |b ACK 
100 1 |a Ackroyd, Peter 
245 1 0 |a Kingdom of the dead   |c Peter Ackroyd 
260 |a London :   |b Dorling Kindersley Book ,   |c 2004 
650 0 |a Egypt   |x history   |x To 332 B.C 
650 0 |a Egypt   |x History   |x To 332 B.C   |x Juvenile litreature 
700 1 |a Putnam, James 
999 |a 0001016760   |b Book   |c Adult Collection   |e Cawangan Urban Transformation Centre 
999 |a 0001017027   |b Book   |c Adult Collection   |e Perbadanan Perpustakaan Awam Johor